| 000 | 01194nam a2200313 a 4500 | ||
|---|---|---|---|
| 001 | ebr10733976 | ||
| 003 | CaPaEBR | ||
| 006 | m o u | ||
| 007 | cr cn||||||||| | ||
| 008 | 130722s2013 nyu sb 001 0 eng d | ||
| 010 | _z 2012020865 | ||
| 020 | _z9781622570218 | ||
| 020 | _z9781622571048 (e-book) | ||
| 040 |
_aCaPaEBR _cCaPaEBR |
||
| 035 | _a(OCoLC)857078982 | ||
| 050 | 1 | 4 |
_aQA200 _b.S25 2013eb |
| 100 | 1 | _aSalimov, Arif. | |
| 245 | 1 | 0 |
_aTensor operations and their applications _h[electronic resource] / _cArif Salimov. |
| 260 |
_aNew York : _bNova Publishers, _c2013. |
||
| 300 | _axii, 186 p. | ||
| 490 | 1 | _aMathematics research developments | |
| 504 | _aIncludes bibliographical references and index. | ||
| 533 |
_aElectronic reproduction. _bPalo Alto, Calif. : _cebrary, _d2013. _nAvailable via World Wide Web. _nAccess may be limited to ebrary affiliated libraries. |
||
| 650 | 0 | _aTensor algebra. | |
| 655 | 7 |
_aElectronic books. _2local |
|
| 710 | 2 | _aebrary, Inc. | |
| 830 | 0 | _aMathematics research developments series. | |
| 856 | 4 | 0 |
_uhttp://site.ebrary.com/lib/rucke/Doc?id=10733976 _zAn electronic book accessible through the World Wide Web; click to view |
| 999 |
_c151005 _d151005 |
||